000
00298nam a2200121Ia 4500
008
190216s9999||||xx |||||||||||||| ||und||
100
_a
"M Y Khan ,p K Jain"
245
0
_a
Cost Accounting / 1st Ed.
250
_a
2nd Ed.
260
_b
Tata Mcgrawhill Publishers
_c
2008
300
_a
545
942
_c
BK
999
_c
8319
_d
8319